Statistics for Former "Country" Flags #11-Central Africa

Click here to take the quiz!

General Stats

  • This quiz has been taken 13 times
  • The average score is 6 of 7

Answer Stats

Answer% Correct
Congo Free State
100%
Congo-Léopoldville
100%
International Association of the Congo
100%
People's Republic of the Congo
100%
Republic of Zaire
90%
Kingdom of Kongo
40%
Kingdom of Loango
30%

Score Distribution

Percentile by Number Answered

Percent of People with Each Score

Your Score History

You have not taken this quiz